| 000 | 00734nam a2200229 a 4500 | ||
|---|---|---|---|
| 001 | ES-MaREB00202950-6 | ||
| 003 | OSt | ||
| 005 | 20141213102630.0 | ||
| 008 | 020226s1984 arg 000 0 spa d | ||
| 020 | _a958-9012-94-9 | ||
| 040 | _cBMC | ||
| 082 | _a975 | ||
| 245 | 0 | 3 |
_aEl Sur de los Estados Unidos _b: retrato de una cultura _cLouis D. Rubin compilador ; traducción, Alicia Escovar Gómez |
| 250 | _a2ª ed | ||
| 260 |
_aSantafé de Bogotá _bEl Áncora _ccop. 1994 |
||
| 300 |
_a451 p. _c23 cm |
||
| 595 | _aTraducción de: The American South | ||
| 651 | 2 | 4 |
_928941 _aEstados del Sur (Estados Unidos) _xDescripción |
| 700 | 1 |
_aRubin, Louis D. _928948 |
|
| 700 | 1 |
_aEscovar Gómez, Alicia _928947 |
|
| 942 |
_2ddc _cBK |
||
| 999 |
_c16166 _d16166 |
||